02289nam a2200433 i 4500001001000000003000900010005001700019007000300036008004100039020001500080040003000095041000800125082002400133245012400157264010700281300002900388336002500417337003300442338002800475500007100503500007400574504002700648590002700675650005800702650005700760651006500817700002500882700004100907710005500948710007001003910004401073942001401117952011901131952014701250952014701397952014701544952014701691999001701838000015098DO-SdBNP20251027100859.0ta100201e2002 ve gr 001 edspa d a9803171941 aDO-SdBNPbspacBNPHUerda aspa 4a320.9729bR311g22204aLos recursos de la gobernabilidad en la Cuenca del Caribe /ceditor, Haroldo Dilla ; edición, Carlos González Ruiz. 1aCaracas, Venezuela : bFacultad Latinoamericana de Ciencias Sociales (FLACSO) ; Nueva Sociedad,c2002. a300 páginas ; c23 cm. atextobtxt2rdamedia asin mediaciónbn2rdamedia avolumenbnc2rdacarrier aIncluye datos biográficos del editor en la solapa de la cubierta aIncluye referencias bibliográficas y notas al pie de las páginas  aBibliografía: p. 297 aInventariado 2023 / MF 7aEstabilidad políticazCaribe, Región9867952LEMB 4aMovimientos socialeszCaribe (Región)9232262LEMB 0aCaribe (Región)xPolítica y gobiernoy1945-9874012LEMB1 aDilla, Haroldo964031 aGonzález Ruiz, Carlos,eed.9341812 952759aComisión Nacional Dominicana de la UNESCO2 aFLACSO (Organización). bPrograma República Dominicana971393 aMFeliz/Validado. Control de calidad MFF 2ddccLBS1 00102ddc56708PDaBNPHUbBNPHUcHDd2010-02-01oBNPHU PD 320.9729 R311gp15098-10r2020-06-25w2020-06-25yLBS1 00102ddc51708PDaBNPHUbBNPHUcHDd2022-04-20eDonado por FLACSOl0oBNPHU PD 320.9729 R311gp2023-0196r2023-01-17te.2w2023-01-17yLBS1 00102ddc56708DSaBNPHUbBNPHUcHDd2022-04-20eDonado por FLACSOl0oBNPHU DS 320.9729 R311gp2023-0197r2023-01-17te.3w2023-01-17yLBS1 00102ddc56708DSaBNPHUbBNPHUcHDd2022-04-20eDonado por FLACSOl0oBNPHU DS 320.9729 R311gp2023-0198r2023-01-17te.4w2023-01-17yLBS1 00102ddc56708DSaBNPHUbBNPHUcHDd2022-04-20eDonado por FLACSOl0oBNPHU DS 320.9729 R311gp2023-0199r2023-01-17te.5w2023-01-17yLBS1 c14670d14670